International financial reporting : (Record no. 6831)
[ view plain ]
| 000 -LEADER | |
|---|---|
| fixed length control field | 00964nac a22002531u 4500 |
| 010 ## - LIBRARY OF CONGRESS CONTROL NUMBER | |
| LC control number | 2004063450 |
| 020 ## - INTERNATIONAL STANDARD BOOK NUMBER | |
| International Standard Book Number | 0273681184 (pbk.) |
| 082 00 - DEWEY DECIMAL CLASSIFICATION NUMBER | |
| Classification number | 657.3 |
| Item number | ROB |
| 090 ## - LOCALLY ASSIGNED LC-TYPE CALL NUMBER (OCLC); LOCAL CALL NUMBER (OCLC) | |
| -- | 6831 |
| -- | 6831 |
| 100 ## - MAIN ENTRY--PERSONAL NAME | |
| Personal name | Roberts, Clare B. |
| 245 10 - TITLE STATEMENT | |
| Title | International financial reporting : |
| Remainder of title | a comparative approach / |
| Statement of responsibility, etc | Clare Roberts, Pauline Weetman, Paul Gordon. |
| 250 ## - EDITION STATEMENT | |
| Edition statement | 3rd ed. |
| 260 ## - PUBLICATION, DISTRIBUTION, ETC. (IMPRINT) | |
| Place of publication, distribution, etc | New York : |
| Name of publisher, distributor, etc | Financial Times Prentice Hall,c.2005. |
| Date of publication, distribution, etc | c.2005. |
| 300 ## - PHYSICAL DESCRIPTION | |
| Extent | p. cm. |
| 500 ## - GENERAL NOTE | |
| General note | Distributer : Al-Ahram. |
| 504 ## - BIBLIOGRAPHY, ETC. NOTE | |
| Bibliography, etc | Includes bibliographical references and index. |
| 511 ## - PARTICIPANT OR PERFORMER NOTE | |
| Participant or performer note | Catalogued By: Mahitab. |
| 650 #0 - SUBJECT ADDED ENTRY--TOPICAL TERM | |
| Topical term or geographic name as entry element | International business enterprises |
| General subdivision | Finance. |
| 650 #0 - SUBJECT ADDED ENTRY--TOPICAL TERM | |
| Topical term or geographic name as entry element | Accounting |
| General subdivision | Standards |
| -- | International cooperation. |
| 700 1# - ADDED ENTRY--PERSONAL NAME | |
| Personal name | Weetman, Pauline. |
| 700 1# - ADDED ENTRY--PERSONAL NAME | |
| Personal name | Gordon, Paul. |
| 942 ## - ADDED ENTRY ELEMENTS (KOHA) | |
| Item type | Book - Borrowing |
| Call number prefix | 657.3ROB |
| Withdrawn status | Item status | Damaged status | Not for loan | Home library | Current library | Shelving location | Date acquired | Source of acquisition | Total Checkouts | Total Renewals | Full call number | Barcode | Date last seen | Date last borrowed | Koha item type |
|---|---|---|---|---|---|---|---|---|---|---|---|---|---|---|---|
| Central Library | Central Library | First floor | 06/12/2007 | Purchase | 4 | 1 | 657.3ROB | 000008555 | 15/07/2025 | 31/05/2012 | Book - Borrowing |